Výročná správa ... stav drogovej problematiky v Európe
| New Title: | Európska správa o drogách ... |
|---|---|
| Previous Title: | Výročná správa ... . Stav drogovej problematiky v Európskej únii a v Nórsku |
| Corporate Author: | |
| Format: | Serial |
| Language: | Slovak English |
| PhysicalDescription: | 8 zv. grafy, tab. 30 cm |
| Published: |
Luxemburg
Úrad pre vydávanie úradných publikácií Európskych spoločenstiev
[2005]-2012
Luxemburg Úrad pre publikácie Európskej únie |
| ISBN: | 9789291684434 (brož. : 2010) 9789291684847 (brož. : 2011) 9789291685523 (brož. : 2012) 9291682616 (brož. : 2006) 9789291683949 (brož. : 2009) |
| ISSN: | 1830-0804 |
| Subjects: | |
| Online Access: | http://www.emcdda.europa.eu/publications |
MARC
| LEADER | 00000cas a2200000 a 4500 | ||
|---|---|---|---|
| 001 | vtls010197605 | ||
| 003 | SK-MaSNL | ||
| 005 | 20260228160337.0 | ||
| 008 | 101214d20052012lu ar| 000 b0slo c | ||
| 015 | |a SNBZAS2016-(r. 2010, r. 2011, r. 2012) | ||
| 020 | |a 9789291684434 (brož. : 2010) | ||
| 020 | |a 9789291684847 (brož. : 2011) | ||
| 020 | |a 9789291685523 (brož. : 2012) | ||
| 020 | |a 9291682616 (brož. : 2006) | ||
| 020 | |a 9789291683949 (brož. : 2009) | ||
| 022 | |a 1830-0804 | ||
| 040 | |a SVKBB |b slo |c SVKBB |d SNK |e AACR2 | ||
| 041 | 1 | |a slo |h eng | |
| 043 | |a e------ | ||
| 044 | |a lu |c LU | ||
| 072 | 7 | |a 613 |x Hygiena. Ľudské zdravie |2 konspekt | |
| 072 | 7 | |a 351 |x Úlohy verejnej správy, správne opatrenia. Legislatíva |2 konspekt | |
| 072 | 7 | |a 364 |x Sociálne problémy vyžadujúce podporu a pomoc. Sociálne zabezpečenie |2 konspekt | |
| 080 | |a 351.761.3 |2 2001 | ||
| 080 | |a 613.81/.84 |2 2001 | ||
| 080 | |a (4) |2 2001 | ||
| 080 | |a (047.1) |2 2001 | ||
| 080 | |a 364.692:615.015.6 |2 2001 | ||
| 080 | |a 050 |2 2001 | ||
| 110 | 2 | |a Európske monitorovacie centrum pre drogy a drogovú závislosť |9 266451 | |
| 245 | 1 | 0 | |a Výročná správa ... |b stav drogovej problematiky v Európe |c Európske monitorovacie centrum pre drogy a drogovú závislosť |
| 246 | 1 | 3 | |a Stav drogovej problematiky v Európe |
| 260 | |a Luxemburg |b Úrad pre vydávanie úradných publikácií Európskych spoločenstiev |c [2005]-2012 | ||
| 260 | 2 | |3 2009-2012 |a Luxemburg |b Úrad pre publikácie Európskej únie | |
| 300 | |a 8 zv. |b grafy, tab. |c 30 cm | ||
| 310 | |a 1x ročne | ||
| 362 | 0 | |a [2005]-2012 | |
| 500 | |a Súčasťou názvu je označenie roku | ||
| 500 | |a Vydané v rôznych jazykových mutáciach | ||
| 504 | |a Bibliogr. odkazy ; pozn. | ||
| 650 | 0 | 7 | |a boj proti drogám |2 SNKPH |9 13915 |
| 650 | 0 | 7 | |a protidrogová politika |2 SNKPH |9 68534 |
| 650 | 0 | 7 | |a drogová závislosť |2 SNKPH |9 1551 |
| 650 | 0 | 7 | |a Drug and narcotic control |2 SNKPHeng |9 266452 |
| 650 | 0 | 7 | |a Drug dependence |2 SNKPHeng |9 266453 |
| 651 | 7 | |a Európa |2 SNKPHgeo |9 167569 | |
| 651 | 7 | |a Europe |2 SNKPHeng |9 56249 | |
| 655 | 7 | |a výročné správy |2 SNKPH |9 70580 | |
| 655 | 7 | |a Annual reports |2 SNKPHeng |9 265598 | |
| 780 | 0 | 0 | |t Výročná správa ... . Stav drogovej problematiky v Európskej únii a v Nórsku |
| 785 | 0 | 0 | |t Európska správa o drogách ... |w vtls010521279 |
| 852 | |a Štátna vedecká knižnica v Banskej Bystrici | ||
| 856 | 4 | 1 | |u http://www.emcdda.europa.eu/publications |
| 910 | |a svkbb | ||
| 910 | |a snk | ||
| 910 | |a pppk | ||
| 910 | |a spk | ||
| 919 | |a 978-92-9168-443-4 | ||
| 919 | |a 978-92-9168-484-7 | ||
| 919 | |a 978-92-9168-552-3 | ||
| 919 | |a 92-9168-261-6 | ||
| 919 | |a 978-92-9168-394-9 | ||
| 958 | |a NB | ||
| 999 | |c 2216 |d 4146 | ||
| 952 | |0 0 |1 0 |4 0 |7 0 |8 1 |a SNK |b SNK |d 2016-03-09 |i snk2016/6853 |l 0 |o snkČSB 6102/2010 |p 17A1098195 |r 2026-02-21 22:09:14 |w 2026-02-21 |y PREZ | ||
| 952 | |0 0 |1 0 |4 0 |7 0 |8 1 |a SNK |b SNK |d 2016-03-09 |i snk2016/6854 |l 0 |o snkČSB 6102/2011 |p 17A1098194 |r 2026-02-21 22:09:14 |w 2026-02-21 |y PREZ | ||
| 952 | |0 0 |1 0 |4 0 |7 0 |8 1 |a SNK |b SNK |d 2016-03-09 |i snk2016/6855 |l 0 |o snkČSB 6102/2012 |p 17A1098193 |r 2026-02-21 22:09:14 |w 2026-02-21 |y PREZ | ||
| 952 | |0 0 |1 0 |4 0 |7 0 |8 1 |a SNK |b SNK |d 2016-03-09 |i snk2016/6856 |l 0 |o snkČSB 6102/2012 D1 |p 17A1098192 |r 2026-02-21 22:09:14 |w 2026-02-21 |y PREZ | ||


